Freud's Five Psychosexual Development Stages - Statistics

General Stats
  • This quiz has been taken 251 times
  • The average score is 4 of 5
Answer Stats
Age Range Stage % Correct
1 – 3 years Anal
95%
Birth – 1 year Oral
94%
Puberty–death Genital
67%
3 – 6 years Phallic
65%
6 – puberty Latent
40%
No matching quizzes found
Score Distribution
Percent of People with Each Score
Percentile by Number Answered
Your Score History
You have not taken this quiz